Análisis y diseño de algoritmos: implementaciones en C y Pascal

Saved in:
Bibliografiske detaljer
Hovedforfatter: López, Gustavo (autor)
Format: Bog
Sprog:spansk
Udgivet: Buenos Aires, Argentina. Alfaomega, 2009
Udgivelse:1a. ed.
Fag:
Tags: Tilføj Tag
Ingen Tags, Vær først til at tagge denne postø!

MARC

LEADER 00000cam a2200000 a 4500
001 UCF4102
003 CL-VaPUC
005 20211110105905.0
008 121122e20090000AG |||||||||||||||||spa|d
999 |c 350079  |d 350077 
020 |a 9789872311391 
040 |c Pontificia Universidad Católica de Valparaíso 
082 0 4 |a 005.1 LOP 2009  |2 21 
100 1 |a López, Gustavo  |e autor  |9 565752 
245 1 0 |a Análisis y diseño de algoritmos: implementaciones en C y Pascal 
250 |a 1a. ed. 
260 |a Buenos Aires, Argentina.  |b Alfaomega,   |c 2009 
300 |a 309 páginas  
583 |a last modification  |c 20140514 09:04:07  |k Rodrigo Vera 
650 0 |a Diseño de software  |9 451623 
650 0 |a Algoritmos de programación   |2 CL-VaPUC  |9 368960 
650 0 |a Programación de computadores   |9 259531 
942 |c BK  |2 ddc 
945 |d 20121122 00:00:00  |a cmena 
952 |0 0  |1 0  |4 0  |6 005_100000000000000_LOP_2009  |7 0  |8 A  |9 453080  |a BIBING  |b BIBING  |d 2019-11-22  |i 4925238  |o 005.1 LOP 2009  |p 4925238  |r 2024-01-25  |w 2019-11-22  |y BK  |k CCI 
952 |0 0  |1 0  |4 0  |6 005_100000000000000_LOP_2009  |7 0  |8 A  |9 453081  |a BIBING  |b BIBING  |d 2019-11-22  |i 4925246  |o 005.1 LOP 2009  |p 4925246  |r 2024-01-25  |w 2019-11-22  |y BK  |k CCI 
952 |0 0  |1 0  |4 0  |6 005_100000000000000_LOP_2009  |7 0  |8 A  |9 453082  |a BIBING  |b BIBING  |d 2019-11-22  |i 4925254  |l 1  |o 005.1 LOP 2009  |p 4925254  |r 2024-03-15  |s 2024-03-15  |w 2019-11-22  |y BK  |k CCI 
952 |0 0  |1 0  |4 0  |6 005_100000000000000_LOP_2009  |7 0  |8 A  |9 453083  |a BIBING  |b BIBING  |d 2019-11-22  |i 4925262  |o 005.1 LOP 2009  |p 4925262  |r 2024-01-25  |w 2019-11-22  |y BK  |k CCI 
952 |0 0  |1 0  |4 0  |6 005_100000000000000_LOP_2009  |7 0  |8 A  |9 453084  |a BIBING  |b BIBING  |d 2019-11-22  |i 4925270  |o 005.1 LOP 2009  |p 4925270  |r 2025-01-20  |w 2019-11-22  |y BK  |k CCI 
952 |0 0  |1 0  |4 0  |6 005_100000000000000_LOP_2009  |7 0  |8 A  |9 453085  |a BIBING  |b BIBING  |d 2019-11-22  |i 4925289  |o 005.1 LOP 2009  |p 4925289  |r 2024-01-25  |w 2019-11-22  |y BK  |k CCI 
952 |0 0  |1 0  |4 0  |6 005_100000000000000_LOP_2009  |7 0  |8 A  |9 453086  |a BIBING  |b BIBING  |d 2019-11-22  |i 4925300  |o 005.1 LOP 2009  |p 4925300  |r 2024-01-25  |w 2019-11-22  |y BK  |k CCI 
952 |0 0  |1 0  |4 0  |6 005_100000000000000_LOP_2009  |7 0  |8 A  |9 453087  |a BIBING  |b BIBING  |d 2019-11-22  |i 4925319  |o 005.1 LOP 2009  |p 4925319  |r 2024-01-25  |w 2019-11-22  |y BK  |k CCI 
952 |0 0  |1 0  |4 0  |6 005_100000000000000_LOP_2009  |7 0  |8 A  |9 453088  |a BIBING  |b BIBING  |d 2019-11-22  |i 4925327  |o 005.1 LOP 2009  |p 4925327  |r 2024-01-25  |w 2019-11-22  |y BK  |k CCI 
952 |0 0  |1 0  |2 ddc  |4 0  |6 005_100000000000000_LOP_2009  |7 0  |8 A  |9 579272  |a BIBING  |b BIBING  |d 2021-11-11  |e 82  |g 24990.00  |i 5626323  |o 005.1 LOP 2009  |p 5626323  |r 2024-01-25  |t 13  |v 24990.00  |w 2021-11-11  |y BK  |k CCI 
952 |0 0  |1 0  |2 ddc  |4 0  |6 005_100000000000000_LOP_2009  |7 0  |8 A  |9 579273  |a BIBING  |b BIBING  |d 2021-11-11  |e 82  |g 24990.00  |i 5626307  |o 005.1 LOP 2009  |p 5626307  |r 2024-01-25  |t 11  |v 24990.00  |w 2021-11-11  |y BK  |k CCI 
952 |0 0  |1 0  |2 ddc  |4 0  |6 005_100000000000000_LOP_2009  |7 0  |8 A  |9 579274  |a BIBING  |b BIBING  |d 2021-11-11  |e 82  |g 24990.00  |i 5626315  |o 005.1 LOP 2009  |p 5626315  |r 2024-01-25  |t 12  |v 24990.00  |w 2021-11-11  |y BK  |k CCI